00425nam a22001577a 450000500170000001000140001702000260003103500130005703700130007008200110008310000180009424500380011226000350015027000600018530000220024520100813122635.0 aENG-99974 a9788178223315c150.00 aEN-83506 bDBAD/PUB a181.45 aBrunton, Paul aWhat is karma? /cby Paul Brunton aNew DelhibNew Age Booksc2009 aA-44 Naraina Industrial Area Phase IbNew Delhie110028 a144p.c18cm (pbk)